| 000 | 00000nam##2200000za#4500 |
| 001 | 9.580152 |
| 003 | CaOODSP |
| 005 | 20210624190912 |
| 007 | cr ||||||||||| |
| 008 | 150406|2008||||xxc|||||o f|0| 0 eng|d |
| 022 | |a1488-5387 |
| 040 | |aCaOODSP|beng |
| 043 | |an-cn--- |
| 086 | 1 |aFs97-4/2856E-PDF |
| 110 | 1 |aCanada. |bDepartment of Fisheries and Oceans. |
| 245 | 12|aA survey of the distribution and abundance of Irish moss (Chondrus crispus) on the South Shore of Nova Scotia : |h[electronic resource]|bPort Medway, Shelburne Co. to Pennant Point, Halifax Co. / |cby Glyn Sharp ... [et al.] |
| 260 | |aDartmouth - Nova Scotia : |bFisheries and Oceans Canada |c2008. |
| 300 | |a34p.|bfigs. (some coloured), references, tables |
| 490 | 1 |aCanadian manuscript report of fisheries and aquatic sciences|x1488-5387|vNo. 2856 |
| 500 | |aFile reproduced from original print. On t. p. : Bedford Institute of Oceanography, Dartmouth, Nova Scotia. The catalogue number and ISSN for the print edition appear in the PDF version |
| 546 | |a(Résumés en français) |
| 590 | |a14-14-Supp|b2014-07-24 |
| 720 | 1 |aSharp, Glyn |
| 830 | #0|aCanadian manuscript report of fisheries and aquatic sciences,|x1488-5387|vNo. 2856|w(CaOODSP)9.505211 |
| 856 | 40|ahttp://publications.gc.ca|qPDF|s5652 KB|uhttps://publications.gc.ca/collections/collection_2014/mpo-dfo/Fs97-4-2856-eng.pdf|yNo. 2856 |